Hypotekárny úver
Charakteristika hypotekárneho úveru v zmysle zákona. Základné podmienky pre poskytnutie úveru. Lehota splatnosti pre fyzické osoby, právnické osoby. Príklad mesačných anuitných splátok hypotekárneho úveru pri dobe splatnosti 20 rokov. Predhypotekárny úver. Komunálny úver.
Guardado en:
| Autor principal: | |
|---|---|
| Formato: | Capítulo de libro |
| Lenguaje: | eslovaco |
| Materias: | |
| Etiquetas: |
Sin Etiquetas, Sea el primero en etiquetar este registro!
|
MARC
| LEADER | 00000naa a2200000 4500 | ||
|---|---|---|---|
| 001 | r036731 | ||
| 005 | 20230809074401.3 | ||
| 041 | 0 | |a slo | |
| 044 | |a SK | ||
| 245 | 1 | 0 | |a Hypotekárny úver |c Karol Glazer |
| 520 | |a Charakteristika hypotekárneho úveru v zmysle zákona. Základné podmienky pre poskytnutie úveru. Lehota splatnosti pre fyzické osoby, právnické osoby. Príklad mesačných anuitných splátok hypotekárneho úveru pri dobe splatnosti 20 rokov. Predhypotekárny úver. Komunálny úver. | ||
| 610 | 2 | 0 | |a úver hypotekárny |
| 610 | 2 | 0 | |a úverovanie |
| 610 | 2 | 0 | |a splátky |
| 610 | 2 | 0 | |a banky |
| 610 | 2 | 0 | |a štát |
| 610 | 2 | 0 | |a financovanie |
| 610 | 2 | 0 | |a sadzby úrokové |
| 610 | 2 | 0 | |a anuita |
| 100 | 1 | |a Glazer, Karol | |